000
00289nam a22001097a 4500
082
_a
309.22 326 6 SHE
100
_a
SHEETS, H
245
_a
Disaster in the desert
260
_a
New York
_b
The Carnegie Endowment for International peace
300
_a
vii,167p.
_b
Ill.,Maps, 18cm.
942
_c
BK
999
_c
20552
_d
20552